How fast are we linking up? (Record no. 67244)

MARC details
000 -LEADER
fixed length control field 01086cam a2200241 4500
001 - CONTROL NUMBER
control field ABS63999
008 - FIXED-LENGTH DATA ELEMENTS--GENERAL INFORMATION
fixed length control field 000000n2001 000 0 eng u
035 ## - SYSTEM CONTROL NUMBER
System control number (Sirsi) u112957
100 ## - MAIN ENTRY--PERSONAL NAME
Personal name Circo, E
245 ## - TITLE STATEMENT
Title How fast are we linking up?
260 ## - PUBLICATION, DISTRIBUTION, ETC.
Date of publication, distribution, etc. 2001
490 ## - SERIES STATEMENT
Series statement Estates Gazette
Volume/sequential designation (0121) 26 May 2001, 147(1)
520 ## - SUMMARY, ETC.
Summary, etc. Presents the results of a survey investigating the use of the internet by property professionals and their predictions for its impact on their role. The survey found that the majority of participants had a good level of internet access and usage and regularly used the internet to source information. Over half the respondents also felt the internet will change their traditional responsiblities and could see the creation of a NASDAQ-type property listing structure within five years.
590 ## - LOCAL NOTE (RLIN)
Local note ABS
650 ## - SUBJECT ADDED ENTRY--TOPICAL TERM
Topical term or geographic name entry element WEBSITES
650 ## - SUBJECT ADDED ENTRY--TOPICAL TERM
Topical term or geographic name entry element PROPERTY LISTINGS
650 ## - SUBJECT ADDED ENTRY--TOPICAL TERM
Topical term or geographic name entry element PROPERTY TRANSACTIONS
650 ## - SUBJECT ADDED ENTRY--TOPICAL TERM
Topical term or geographic name entry element SURVEYS
650 ## - SUBJECT ADDED ENTRY--TOPICAL TERM
Topical term or geographic name entry element INTERNET
650 ## - SUBJECT ADDED ENTRY--TOPICAL TERM
Topical term or geographic name entry element PROPERTY PROFESSIONALS
690 ## - LOCAL SUBJECT ADDED ENTRY--TOPICAL TERM (OCLC, RLIN)
Topical term or geographic name as entry element INFORMATION TECHNOLOGY-INTERNET
942 ## - ADDED ENTRY ELEMENTS (KOHA)
Suppress in OPAC 0
Holdings
Withdrawn status Lost status Source of classification or shelving scheme Damaged status Not for loan Home library Current library Shelving location Date acquired Total Checkouts Full call number Barcode Date last seen Copy number Price effective from Koha item type
    Dewey Decimal Classification     London London Journal article 05/06/2001   ABS63999 112957-1001 06/08/2019 1 06/08/2019 Journal article